000 00664nam a2200241Ia 4500
003 OSt
005 20220928112644.0
006 a|||||r|||| 00| 0
007 ta
008 220927b |||||||| |||| 00| 0 eng d
024 _a26541
037 _cTextual
040 _aSDCL
_cSDCL
_beng
041 _2eng
_aeng
082 _aG:6:(B)p3,N83, M3
100 _aBodmer W F Ed.
_9429120
245 0 _aMathematical genetics.
260 _aLondon
_bRoyal Society
_c1983
300 _av,133p
_ccm.
700 _a Kingman J F C Ed.
_9429121
942 _hG:6:(B)p3,N83, M3
_cTEXL
_2CC
999 _c745608
_d745608